000 00625cam a22002055a 4500
001 L142761
008 080306s2007 xxk f 000 0 eng d
020 _a9781859462584
035 _a(Sirsi) u142761
041 0 _aeng
050 0 4 _a690 $2 18
110 2 _aConstruction Industry Council
_92417
245 0 4 _aThe CIC scope of services
260 _aLondon
_bCIC
_c2007
300 _a97p.
_bspiral bound
_c30cm.
520 _aProvides scopes of service for those involved in the definition process on large construction projects.
651 4 _aUnited Kingdom
_y
690 _aConstruction management
_96230
942 _n0
999 _c107955
_d107955